[Event "Ogolnopolski Turniej Niepelnosprawnych"]
[Site "Rowy"]
[Date "2011.??.??"]
[Round "4.7"]
[White "Najdzionek, Boleslaw"]
[Black "Szczepaniec, Stanislaw"]
[Result "1-0"]
[WhiteElo "1871"]
[BlackElo "2075"]
[PlyCount "63"]
[EventDate "2011.??.??"]

1. d4 Nf6 2. c4 g6 3. Nc3 Bg7 4. Nf3 d6 5. e4 O-O 6. Be2 e5 7. d5 Nbd7 8. Qc2
a5 9. O-O Nc5 10. Be3 b6 11. a3 Ng4 12. Bg5 f6 13. Bd2 f5 14. h3 fxe4 15. Ng5
e3 16. fxe3 Qxg5 17. Rxf8+ Bxf8 18. hxg4 Bxg4 19. e4 Qh5 20. Bxg4 Qxg4 21. Rf1
h5 22. Be3 Be7 23. Bxc5 bxc5 24. Qd3 Bg5 25. Qf3 Qxf3 26. gxf3 Be3+ 27. Kg2 Bd4
28. Nb5 Bxb2 29. Rb1 Bd4 30. Nxc7 Ra7 31. Rb8+ Kg7 32. Nb5 1-0

[Event "Ogolnopolski Turniej Niepelnosprawnych"]
[Site "Rowy"]
[Date "2011.??.??"]
[Round "4.8"]
[White "Wojcieszyn, Zdzislaw"]
[Black "Solek, Zenon"]
[Result "1-0"]
[WhiteElo "2020"]
[BlackElo "1883"]
[PlyCount "48"]
[EventDate "2011.??.??"]

1. e4 c5 2. Nc3 Nc6 3. g3 g6 4. Bg2 Bg7 5. d3 Nf6 6. Nge2 Rb8 7. Be3 d6 8. f4
Ng4 9. Bg1 Nd4 10. h3 Nh6 11. Qd2 Qa5 12. Be3 f5 13. Bxd4 cxd4 14. Nd5 Qxd2+
15. Kxd2 e6 16. Nc7+ Ke7 17. Nb5 e5 18. Nxa7 Bd7 19. a4 Nf7 20. c4 Nd8 21. Nb5
Ne6 22. b4 Rhf8 23. Rhf1 exf4 24. gxf4 Ra8 1-0

[Event "Ogolnopolski Turniej Niepelnosprawnych"]
[Site "Rowy"]
[Date "2011.??.??"]
[Round "4.9"]
[White "Czech, Jan"]
[Black "Nadolinski, Roman"]
[Result "1/2-1/2"]
[WhiteElo "1851"]
[BlackElo "1992"]
[PlyCount "33"]
[EventDate "2011.??.??"]

1. e4 c5 2. Nf3 Nc6 3. d4 cxd4 4. Nxd4 e6 5. Nc3 Bb4 6. Qd3 Ne5 7. Qg3 Ng6 8.
a3 Bxc3+ 9. Qxc3 a6 10. Nf3 Nf6 11. Bg5 h6 12. Bxf6 Qxf6 13. Qxf6 gxf6 14. g3
b6 15. O-O-O Ke7 16. c3 Bb7 17. Bd3 1/2-1/2

[Event "Ogolnopolski Turniej Niepelnosprawnych"]
[Site "Rowy"]
[Date "2011.??.??"]
[Round "4.10"]
[White "Czech, Mieczyslaw"]
[Black "Wroblewski, Mieczyslaw"]
[Result "1-0"]
[WhiteElo "1967"]
[BlackElo "1791"]
[PlyCount "69"]
[EventDate "2011.??.??"]

1. e4 c5 2. Nf3 d6 3. d4 cxd4 4. Nxd4 Nf6 5. Nc3 a6 6. Bg5 e6 7. f4 Nbd7 8. Qf3
Qc7 9. O-O-O b5 10. g4 b4 11. Nce2 e5 12. Nf5 Nxe4 13. Bg2 Bb7 14. Qe3 Ndc5 15.
Rhe1 Rc8 16. Kb1 h6 17. Bh4 g6 18. Nfg3 Nxg3 19. Bxb7 Nxb7 20. Bf6 Rg8 21. Nxg3
Qxc2+ 22. Ka1 Qc5 23. Qe4 Nd8 24. Bxd8 Rxd8 25. fxe5 dxe5 26. Rxd8+ Kxd8 27.
Qa8+ Kd7 28. Rd1+ Kc7 29. Ne4 Qe7 30. Qa7+ Kc8 31. Qxa6+ Kb8 32. Qb6+ Kc8 33.
Rc1+ Kd7 34. Nf6+ Qxf6 35. Qxf6 1-0

[Event "Ogolnopolski Turniej Niepelnosprawnych"]
[Site "Rowy"]
[Date "2011.??.??"]
[Round "4.11"]
[White "Szydlowski, Wiktor"]
[Black "Winiarski, Kazimierz"]
[Result "1/2-1/2"]
[WhiteElo "1814"]
[BlackElo "1967"]
[PlyCount "53"]
[EventDate "2011.??.??"]

1. e4 e6 2. d4 d5 3. e5 c5 4. c3 Nc6 5. Nf3 cxd4 6. cxd4 Qb6 7. Be2 Nge7 8. Na3
Nf5 9. Nc2 Be7 10. O-O a5 11. a3 O-O 12. h3 Bd7 13. Rb1 a4 14. Re1 Rfc8 15. g4
Nh4 16. Nxh4 Bxh4 17. Be3 Be7 18. Bd3 Na5 19. Qe2 Nb3 20. Na1 Nxa1 21. Rxa1 Rc7
22. Rac1 Rac8 23. Rxc7 Qxc7 24. Bb5 Bxb5 25. Qxb5 Qc6 26. Qxc6 Rxc6 27. Rc1
1/2-1/2

[Event "Ogolnopolski Turniej Niepelnosprawnych"]
[Site "Rowy"]
[Date "2011.??.??"]
[Round "4.12"]
[White "Wodas, Pawel"]
[Black "Rogalski, Krzysztof"]
[Result "0-1"]
[WhiteElo "1955"]
[BlackElo "1846"]
[PlyCount "58"]
[EventDate "2011.??.??"]

1. c4 Nf6 2. Nc3 e6 3. g3 Bb4 4. Bg2 c5 5. Nf3 Nc6 6. O-O O-O 7. d4 cxd4 8.
Nxd4 Bxc3 9. bxc3 Qa5 10. Qb3 Qe5 11. Qb5 Qd6 12. Bb2 e5 13. Nf3 Re8 14. Rad1
Qc7 15. Nd2 a6 16. Qa4 d6 17. Ba3 Bd7 18. Qb3 Be6 19. Bd5 Na5 20. Qa4 Bxd5 21.
cxd5 b5 22. Bxd6 Qb6 23. Bc5 Qxc5 24. Qxa5 Nxd5 25. c4 Qc7 26. Qxc7 Nxc7 27.
Ne4 bxc4 28. Nd6 Red8 29. Nxc4 f6 0-1

[Event "Ogolnopolski Turniej Niepelnosprawnych"]
[Site "Rowy"]
[Date "2011.??.??"]
[Round "4.13"]
[White "Opolski, Wojciech"]
[Black "Tuszynski, Edmund"]
[Result "1/2-1/2"]
[WhiteElo "1713"]
[BlackElo "1947"]
[PlyCount "43"]
[EventDate "2011.??.??"]

1. d4 d5 2. c4 e6 3. Nc3 c6 4. a4 Nf6 5. Nf3 Be7 6. Bg5 O-O 7. e3 Nbd7 8. Be2
h6 9. Bh4 Nh7 10. Bg3 f5 11. h4 Nhf6 12. Ne5 Nxe5 13. dxe5 Ne4 14. Nxe4 fxe4
15. f4 exf3 16. gxf3 Qb6 17. Bf4 Qxb2 18. Rh2 Qc3+ 19. Kf1 Bc5 20. Rc1 Qa3 21.
Ra1 Qc3 22. Rc1 1/2-1/2

[Event "Ogolnopolski Turniej Niepelnosprawnych"]
[Site "Rowy"]
[Date "2011.??.??"]
[Round "4.14"]
[White "Zatylny, Jan"]
[Black "Koper, Ireneusz"]
[Result "0-1"]
[WhiteElo "1696"]
[BlackElo "2030"]
[PlyCount "68"]
[EventDate "2011.??.??"]

1. d4 Nf6 2. c4 g6 3. Nc3 d5 4. e3 Bg7 5. Nf3 O-O 6. Be2 c5 7. dxc5 Qa5 8. O-O
dxc4 9. Bxc4 Qxc5 10. Be2 Nc6 11. a3 Rd8 12. Qe1 Bf5 13. b4 $11 13... Qb6 14.
Bb2 Rac8 15. Rc1 Ne4 16. Na4 Qc7 17. Bxg7 Kxg7 18. b5 Qa5 19. bxc6 Qxa4 20.
cxb7 Rb8 21. Rc7 Qxa3 22. Qa1+ Qxa1 23. Rxa1 Rd7 24. Rxd7 Bxd7 25. Rxa7 Bc6 26.
Ba6 Nc5 27. Ne5 Bxb7 28. Bxb7 Nxb7 29. g3 Nd6 30. Rxe7 Rb1+ 31. Kg2 Kf6 32. Nc6
Rc1 33. Rc7 Rc2 34. g4 g5 0-1

[Event "Ogolnopolski Turniej Niepelnosprawnych"]
[Site "Rowy"]
[Date "2011.??.??"]
[Round "4.15"]
[White "Wojtowicz, Mieczyslaw"]
[Black "Krasowski, Slawomir"]
[Result "0-1"]
[WhiteElo "1737"]
[BlackElo "2013"]
[PlyCount "72"]
[EventDate "2011.??.??"]

1. d4 f5 2. Nf3 Nf6 3. c4 d6 4. Nc3 e6 5. Bg5 Be7 6. e3 O-O 7. Bd3 Nc6 8. a3
Qe8 9. O-O e5 10. Bc2 h6 11. Bxf6 Bxf6 12. Nd5 Bd8 13. dxe5 Nxe5 14. b3 g5 15.
Nxe5 dxe5 16. e4 f4 17. f3 c6 18. Nb4 Bb6+ 19. Kh1 Bd4 20. Rb1 Qh5 21. Qe1 Rf7
22. Bd1 Be6 23. Nc2 Bb6 24. Be2 Raf8 25. b4 g4 26. fxg4 Bxg4 27. Bxg4 Qxg4 28.
c5 Bc7 29. Rf3 Rg7 30. Qf2 Rd8 31. Rf1 Rgd7 32. Ne1 Rd2 33. Qg1 Kh7 34. g3 Qh5
35. R1f2 Rd1 36. Rf1 Rxe1 0-1

[Event "Ogolnopolski Turniej Niepelnosprawnych"]
[Site "Rowy"]
[Date "2011.??.??"]
[Round "4.16"]
[White "Borowski, Jaroslaw"]
[Black "Radwan, Jan"]
[Result "1-0"]
[WhiteElo "1982"]
[BlackElo "1693"]
[PlyCount "59"]
[EventDate "2011.??.??"]

1. Nf3 c5 2. c3 Nc6 3. d4 cxd4 4. cxd4 e6 5. Nc3 Bb4 6. e4 Nge7 7. Bd3 d5 8. e5
O-O 9. Bxh7+ Kh8 10. Ng5 g6 11. Qf3 Nf5 12. Qh3 Kg7 13. Bxg6 Rh8 14. Bh5 Ncxd4
15. Nxf7 Qc7 16. Qg4+ Kf8 17. Nxh8 Qxe5+ 18. Be3 Nc2+ 19. Kd2 Bxc3+ 20. bxc3
Qxh8 21. Kxc2 Ke7 22. Bg6 Nd6 23. Bc5 Kd7 24. Bxd6 Kxd6 25. Qb4+ Kc6 26. Rab1
b6 27. Be8+ Kb7 28. Qe7+ Kb8 29. Qd6+ Kb7 30. Bc6+ 1-0

[Event "Ogolnopolski Turniej Niepelnosprawnych"]
[Site "Rowy"]
[Date "2011.??.??"]
[Round "4.17"]
[White "Staruch, Roman"]
[Black "Zawada, Andrzej"]
[Result "1-0"]
[WhiteElo "1957"]
[BlackElo "1714"]
[PlyCount "75"]
[EventDate "2011.??.??"]

1. e4 c5 2. Nf3 e6 3. c3 Nf6 4. e5 Nd5 5. Bc4 Nb6 6. Bb3 c4 7. Bc2 Nc6 8. O-O
d5 9. b3 Qc7 10. Qe2 Be7 11. Na3 cxb3 12. Nb5 Qd8 13. axb3 Bd7 14. Ba3 Bxa3 15.
Rxa3 O-O 16. d4 Nc8 17. h4 a6 18. Ng5 g6 19. Raa1 Nxe5 20. dxe5 Bxb5 21. c4
dxc4 22. bxc4 Bc6 23. Rfd1 Qc7 24. h5 Qe7 25. Qg4 h6 26. Ne4 g5 27. Nf6+ Kg7
28. Be4 Nb6 29. Bxc6 bxc6 30. Qe4 Rh8 31. Qxc6 Qa7 32. Rd6 Rab8 33. Rb1 Rhc8
34. Qe4 Rh8 35. c5 Nc8 36. Rxb8 Nxd6 37. Rxh8 Nxe4 38. Rg8# 1-0

[Event "Ogolnopolski Turniej Niepelnosprawnych"]
[Site "Rowy"]
[Date "2011.??.??"]
[Round "4.18"]
[White "Czymbor, Ryszard"]
[Black "Sarnowski, Ryszard"]
[Result "1/2-1/2"]
[WhiteElo "1836"]
[BlackElo "1583"]
[PlyCount "62"]
[EventDate "2011.??.??"]

1. d4 c6 2. e3 d5 3. c4 e6 4. a3 a5 5. Nf3 g6 6. Nc3 h5 7. Be2 Nh6 8. h3 Be7 9.
O-O O-O 10. b3 Nf5 11. Bb2 b6 12. cxd5 cxd5 13. Rc1 Bd7 14. Bd3 Nh4 15. Ne5 Be8
16. g3 Nf5 17. Bxf5 exf5 18. a4 f6 19. Nd3 Nc6 20. Qf3 Bf7 21. Nb5 Nb4 22. Nxb4
Bxb4 23. Ba3 Bxa3 24. Nxa3 Qe7 25. Nb5 Rfc8 26. Qd1 Be8 27. Qd3 Qd7 28. Rc3
Rxc3 29. Nxc3 Rc8 30. Kg2 Kg7 31. Nb5 Bf7 1/2-1/2

[Event "Ogolnopolski Turniej Niepelnosprawnych"]
[Site "Rowy"]
[Date "2011.??.??"]
[Round "4.20"]
[White "Ben, Jaroslaw"]
[Black "Jackowski, Ryszard"]
[Result "1/2-1/2"]
[WhiteElo "1719"]
[BlackElo "1820"]
[PlyCount "57"]
[EventDate "2011.??.??"]

1. d4 Nf6 2. Bg5 g6 3. Bxf6 exf6 4. Nf3 Bg7 5. e4 d6 6. Bd3 O-O 7. O-O c5 8. c3
Qb6 9. Qc2 Bg4 10. Nbd2 Nc6 11. h3 Bxf3 12. Nxf3 cxd4 13. c4 a5 14. b3 Qc5 15.
Rac1 Bh6 16. Rcd1 Bf4 17. Ne1 Qb6 18. g3 Bh6 19. Be2 Rfe8 20. Bf3 Ra7 21. Nd3
Bf8 22. Nf4 Rea8 23. Nd5 Qd8 24. a4 Bg7 25. Rfe1 b6 26. Bg2 Rb8 27. Kh2 Qd7 28.
h4 Qd8 29. Qd3 1/2-1/2

[Event "Ogolnopolski Turniej Niepelnosprawnych"]
[Site "Rowy"]
[Date "2011.??.??"]
[Round "4.21"]
[White "Juraszewski, Mieczyslaw"]
[Black "Jonczyk, Jan"]
[Result "0-1"]
[WhiteElo "1786"]
[BlackElo "1696"]
[PlyCount "62"]
[EventDate "2011.??.??"]

1. d4 d5 2. Nf3 c6 3. c4 dxc4 4. a4 Bg4 5. Ne5 Bh5 6. Nc3 e6 7. Nxc4 Bb4 8. Ne5
Nf6 9. Bg5 O-O 10. Qd3 Bg6 11. Nxg6 hxg6 12. e4 Qa5 13. Bxf6 gxf6 14. Be2 Nd7
15. O-O Rad8 16. Qe3 Rfe8 17. Rfd1 Kg7 18. Bf3 Qc7 19. Ne2 Rh8 20. h3 e5 21.
dxe5 Nxe5 22. Rac1 Nxf3+ 23. Qxf3 Qe5 24. b3 Bd6 25. Kf1 Qh2 26. Rc3 Qh1+ 27.
Ng1 Bh2 28. Rxd8 Qxg1+ 29. Ke2 Rxd8 30. Rd3 Rxd3 31. Qxd3 Qxg2 0-1

[Event "Ogolnopolski Turniej Niepelnosprawnych"]
[Site "Rowy"]
[Date "2011.??.??"]
[Round "4.22"]
[White "Krawiec, Stanislaw"]
[Black "Olszewski, Jerzy"]
[Result "1-0"]
[WhiteElo "1662"]
[BlackElo "1885"]
[PlyCount "49"]
[EventDate "2011.??.??"]

1. e4 e5 2. Nf3 Nc6 3. d4 exd4 4. Bc4 Qe7 5. O-O Ne5 6. Nxe5 Qxe5 7. c3 dxc3 8.
Nxc3 Bc5 9. Kh1 c6 10. f4 Qe7 11. e5 d5 12. exd6 Qxd6 13. Qb3 Qc7 14. Re1+ Kf8
15. Ne4 Bb6 16. Bd2 Bd4 17. Ng5 Nh6 18. Re4 Bf6 19. Rae1 Bf5 20. R4e2 a5 21. a4
Rd8 22. Be3 c5 23. Qb5 Bd7 24. Bxc5+ Kg8 25. Re8+ 1-0

[Event "Ogolnopolski Turniej Niepelnosprawnych"]
[Site "Rowy"]
[Date "2011.??.??"]
[Round "4.23"]
[White "Budnik, Kazimierz"]
[Black "Niecko, Stanislaw"]
[Result "0-1"]
[WhiteElo "1567"]
[BlackElo "1856"]
[PlyCount "74"]
[EventDate "2011.??.??"]

1. e4 c5 2. f4 d6 3. Nf3 Nc6 4. Be2 Nf6 5. d3 g6 6. O-O Bg7 7. c3 O-O 8. Bd2
Rb8 9. Qc1 b5 10. e5 Nd5 11. c4 bxc4 12. dxc4 Nb6 13. Nc3 dxe5 14. fxe5 Nxe5
15. b3 Bb7 16. Bh6 Nxf3+ 17. Bxf3 Qd4+ 18. Kh1 Qxc3 19. Bxg7 Qxc1 20. Raxc1
Kxg7 21. Rc3 Bxf3 22. Rcxf3 Rbd8 23. R3f2 Nd7 24. Re2 e6 25. a3 a5 26. h4 f5
27. g3 e5 28. Rd2 Nf6 29. Rfd1 Rd4 30. Rxd4 exd4 31. b4 axb4 32. axb4 cxb4 33.
Rxd4 b3 34. Rd2 Ne4 35. Rb2 Nc5 36. Kg2 Re8 37. Kf3 Re4 0-1

[Event "Ogolnopolski Turniej Niepelnosprawnych"]
[Site "Rowy"]
[Date "2011.??.??"]
[Round "4.24"]
[White "Janocha, Jan"]
[Black "Lenart, Franciszek"]
[Result "1-0"]
[WhiteElo "1781"]
[BlackElo "1601"]
[PlyCount "73"]
[EventDate "2011.??.??"]

1. e4 e5 2. Nf3 d6 3. Bc4 Nf6 4. Ng5 Be6 5. Bxe6 fxe6 6. Nxe6 Qe7 7. Nxf8 Rxf8
8. Nc3 Nc6 9. O-O O-O-O 10. Nd5 Nxd5 11. exd5 Nd4 12. d3 Rf5 13. f3 Rdf8 14.
Be3 Qf6 15. Bxd4 exd4 16. c4 dxc3 17. bxc3 Qxc3 18. Qa4 Rxd5 19. Qg4+ Kb8 20.
Qd7 Rxd3 21. Rac1 Qd4+ 22. Kh1 Rc8 23. Rfe1 Re3 24. h3 Rxe1+ 25. Rxe1 h6 26.
Qf5 Qf6 27. Qh7 Qb2 28. a4 Qf6 29. Rb1 g6 30. Qd7 Qf5 31. Qxf5 gxf5 32. g4 fxg4
33. fxg4 b6 34. Kg2 Rg8 35. Kf3 Rh8 36. Kg3 Kb7 37. h4 1-0

[Event "Ogolnopolski Turniej Niepelnosprawnych"]
[Site "Rowy"]
[Date "2011.??.??"]
[Round "4.26"]
[White "Jagiello, Adolf"]
[Black "Prokopczuk, Antoni"]
[Result "0-1"]
[WhiteElo "1443"]
[BlackElo "1753"]
[PlyCount "70"]
[EventDate "2011.??.??"]

1. e4 c5 2. Nf3 d6 3. Nc3 g6 4. b3 Bg7 5. Bb2 Nf6 6. Nd5 e6 7. Bxf6 Bxf6 8.
Nxf6+ Qxf6 9. Bb5+ Bd7 10. Bxd7+ Nxd7 11. O-O O-O 12. c4 $11 12... Ne5 13. Ne1
Nc6 14. Nc2 Rad8 15. d3 d5 16. f3 dxc4 17. bxc4 Rd7 18. Qe2 $11 18... Nd4 19.
Qd2 Nxc2 20. Qxc2 Qd4+ 21. Kh1 Qxd3 22. Qb3 Rfd8 23. h3 $11 23... Qxb3 24. axb3
a6 25. e5 Rd2 26. Ra5 Rd1 27. Kg1 Rxf1+ 28. Kxf1 Rd1+ 29. Kf2 Rb1 30. Ra3 Kf8
31. Kg3 h5 32. h4 Rb2 33. Kh3 Kg7 34. g3 f6 35. exf6+ Kxf6 0-1

[Event "Ogolnopolski Turniej Niepelnosprawnych"]
[Site "Rowy"]
[Date "2011.??.??"]
[Round "4.29"]
[White "Borkowski, Jozef"]
[Black "Panczuk, Boleslaw"]
[Result "1-0"]
[WhiteElo "1740"]
[BlackElo "1482"]
[PlyCount "55"]
[EventDate "2011.??.??"]

1. e4 c5 2. Nf3 d6 3. c3 Nf6 4. e5 Ng4 5. d4 dxe5 6. h3 e4 7. Ng5 Nf6 8. Qb3 e6
9. dxc5 Nc6 10. Qa4 Qd5 11. Nd2 e3 12. Ndf3 exf2+ 13. Kxf2 Bxc5+ 14. Be3 Bxe3+
15. Kxe3 O-O 16. Bd3 h6 17. Rhd1 Qc5+ 18. Ke2 a6 19. Ne4 Nxe4 20. Bxe4 Rb8 21.
Bc2 b5 22. Qh4 Na5 23. g4 Bb7 24. b4 Qc4+ 25. Bd3 Bxf3+ 26. Kxf3 Qc6+ 27. Ke2
Qd5 28. Bh7+ 1-0

[Event "Ogolnopolski Turniej Niepelnosprawnych"]
[Site "Rowy"]
[Date "2011.??.??"]
[Round "4.30"]
[White "Grobelna, Ewa"]
[Black "Grabarczyk, Edmund"]
[Result "0-1"]
[WhiteElo "1586"]
[BlackElo "1539"]
[PlyCount "138"]
[EventDate "2011.??.??"]

1. d4 d5 2. Nc3 e6 3. a3 g6 4. e4 Nc6 5. exd5 exd5 6. Nf3 Be6 7. Bd3 Bg7 8. Be3
Nf6 9. O-O O-O 10. Ne2 Ng4 11. h3 Nxe3 12. fxe3 Bh6 13. Nf4 Bc8 14. Qe1 Re8 15.
Qg3 Rxe3 16. Rae1 Bxf4 17. Qxf4 Rxe1 18. Nxe1 Be6 19. c3 a6 20. Nf3 Qe7 21. Re1
Re8 22. Qh6 Qf8 23. Qf4 Re7 24. Rf1 Kg7 25. Qh4 h6 26. Ne5 Nxe5 27. Qf6+ Kh7
28. dxe5 Qe8 29. Rf3 Rd7 30. Rg3 c5 31. h4 h5 32. Qg5 Bg4 33. Qf6 Re7 34. Re3
Re6 35. Qf4 b5 36. b3 Qe7 37. g3 Kg7 38. Kf2 f6 39. exf6+ Qxf6 40. Qxf6+ Rxf6+
41. Kg2 Kf7 42. Be2 Re6 43. Kf2 d4 44. cxd4 cxd4 45. Rxe6 Bxe6 46. Bd1 Bf5 47.
Ke1 Ke6 48. Kd2 Ke5 49. Bf3 Be4 50. Be2 Kd5 51. Bd3 Bxd3 52. Kxd3 a5 53. a4 b4
54. Ke2 Ke4 55. Kd2 d3 56. Kd1 Kf3 57. Kd2 Kxg3 58. Kxd3 Kxh4 59. Kc4 Kg3 60.
Kb5 h4 61. Kxa5 h3 62. Kxb4 h2 63. a5 h1=Q 64. Kb5 Qb7+ 65. Ka4 g5 66. b4 g4
67. b5 Kf4 68. a6 Qb6 69. Kb4 g3 0-1

[Event "Ogolnopolski Turniej Niepelnosprawnych"]
[Site "Rowy"]
[Date "2011.??.??"]
[Round "4.32"]
[White "Pilecki, Jozef"]
[Black "Ostrowski, Michal"]
[Result "0-1"]
[WhiteElo "1432"]
[BlackElo "1421"]
[PlyCount "64"]
[EventDate "2011.??.??"]

1. d4 Nf6 2. c4 c5 3. d5 b5 4. e3 Qa5+ 5. Bd2 b4 6. a4 Ne4 7. f3 Nxd2 8. Qxd2
g6 9. b3 Bg7 10. Ra2 d6 11. Bd3 O-O 12. Ne2 e6 13. O-O e5 14. f4 e4 15. Bxe4 f5
16. Bf3 Nd7 17. Kh1 Nf6 18. Ng3 Bd7 19. Qd3 Rae8 20. e4 fxe4 21. Bxe4 Nxe4 22.
Nxe4 Bf5 23. Re1 Qd8 24. Qf3 Rf7 25. g4 Bxe4 26. Rxe4 Rxe4 27. Qxe4 Re7 28. Qc2
Re1+ 29. Kg2 Qe7 30. g5 Qe3 31. Qf2 Qxf2+ 32. Kxf2 Rxb1 0-1

[Event "Ogolnopolski Turniej Niepelnosprawnych"]
[Site "Rowy"]
[Date "2011.??.??"]
[Round "5.1"]
[White "Kaukiel, Piotr"]
[Black "Matuszczyk, Krystian"]
[Result "1-0"]
[WhiteElo "2194"]
[BlackElo "2046"]
[PlyCount "56"]
[EventDate "2011.??.??"]

1. Nf3 Nf6 2. g3 g6 3. b3 Bg7 4. Bb2 d6 5. Bg2 c6 6. O-O O-O 7. c4 a5 8. d3 Na6
9. a3 Bd7 10. Nbd2 Rb8 11. Qc2 b5 12. cxb5 cxb5 13. Rac1 b4 14. a4 Rc8 15. Qb1
Nc5 16. Rfe1 Qb6 17. d4 Ne6 18. Nc4 Qa7 19. e4 d5 20. exd5 Nc7 21. d6 exd6 22.
Nxd6 Rcd8 23. Ne5 Ncd5 24. Rc5 Nc3 25. Bxc3 bxc3 26. Qc2 Qb8 27. Nb7 Rc8 28.
Qxc3 Rc7 1-0

[Event "Ogolnopolski Turniej Niepelnosprawnych"]
[Site "Rowy"]
[Date "2011.??.??"]
[Round "5.3"]
[White "Ulrych, Wojciech"]
[Black "Cylwik, Zbigniew"]
[Result "1/2-1/2"]
[WhiteElo "1968"]
[BlackElo "1986"]
[PlyCount "67"]
[EventDate "2011.??.??"]

1. e4 c5 2. Nc3 d6 3. g3 g6 4. Bg2 Bg7 5. Nge2 Nc6 6. O-O e6 7. d3 Nge7 8. Be3
Nd4 9. f4 O-O 10. g4 f5 11. h3 Rb8 12. Ng3 b5 13. Rb1 Qc7 14. Nce2 Bd7 15. c3
Nxe2+ 16. Qxe2 Bc6 17. Bf3 Qb7 18. Qg2 Rf7 19. Kh2 c4 20. d4 fxe4 21. Bxe4 d5
22. Bc2 Qc7 23. f5 e5 24. Kh1 Rbf8 25. Rf2 Qd7 26. Rbf1 e4 27. fxg6 hxg6 28.
Rxf7 Rxf7 29. Rxf7 Kxf7 30. Qf2+ Kg8 31. Qf4 Nc8 32. Bd1 Qd6 33. Qf2 Qf6 34.
Kg2 1/2-1/2

[Event "Ogolnopolski Turniej Niepelnosprawnych"]
[Site "Rowy"]
[Date "2011.??.??"]
[Round "5.4"]
[White "Pioch, Zygmunt"]
[Black "Najdzionek, Boleslaw"]
[Result "1-0"]
[WhiteElo "2123"]
[BlackElo "1871"]
[PlyCount "73"]
[EventDate "2011.??.??"]

1. e4 c5 2. Nf3 Nc6 3. d4 cxd4 4. Nxd4 d6 5. Nc3 a6 6. Be3 Bd7 7. Qd2 Nf6 8. f3
e6 9. O-O-O Be7 10. g4 h6 11. Kb1 b5 12. Nxc6 Bxc6 13. Bd3 Qc7 14. h4 Nd7 15.
g5 h5 16. Ne2 Ne5 17. Nd4 Bd7 18. Rhf1 Ng6 19. Qe1 Ne5 20. f4 Nxd3 21. cxd3 g6
22. f5 e5 23. Ne2 gxf5 24. exf5 d5 25. Rc1 Qb7 26. Qg3 Qb8 27. Qf3 d4 28. Bd2
Ra7 29. Ng3 Qb7 30. Ne4 Kd8 31. Ba5+ Ke8 32. Bc7 f6 33. gxf6 Bc6 34. Bxe5 Bxe4
35. Qxe4 Qxe4 36. dxe4 Bd8 37. f7+ 1-0

[Event "Ogolnopolski Turniej Niepelnosprawnych"]
[Site "Rowy"]
[Date "2011.??.??"]
[Round "5.5"]
[White "Rogalski, Krzysztof"]
[Black "Wojcieszyn, Zdzislaw"]
[Result "1-0"]
[WhiteElo "1846"]
[BlackElo "2020"]
[PlyCount "47"]
[EventDate "2011.??.??"]

1. d4 d5 2. c4 c6 3. Nf3 Nf6 4. Nc3 e6 5. e3 Nbd7 6. Bd3 dxc4 7. Bxc4 b5 8. Bd3
Bb7 9. O-O a6 10. e4 c5 11. e5 cxd4 12. Nxb5 axb5 13. exf6 Qxf6 14. Bxb5 Bxf3
15. Qxf3 Qxf3 16. gxf3 Bc5 17. Rd1 Ke7 18. b4 Bxb4 19. Rxd4 Bd6 20. Bxd7 Kxd7
21. Bf4 Ra6 22. Rad1 Ke7 23. Bxd6+ Kf6 24. a3 1-0

[Event "Ogolnopolski Turniej Niepelnosprawnych"]
[Site "Rowy"]
[Date "2011.??.??"]
[Round "5.6"]
[White "Pipala, Janusz"]
[Black "Czech, Mieczyslaw"]
[Result "1/2-1/2"]
[WhiteElo "1935"]
[BlackElo "1967"]
[PlyCount "101"]
[EventDate "2011.??.??"]

1. Nf3 c5 2. g3 g6 3. c4 Bg7 4. Nc3 Nc6 5. Bg2 d6 6. Rb1 Rb8 7. O-O Nf6 8. a3
a5 9. d3 O-O 10. h3 h6 11. Bd2 Bd7 12. Nb5 Ne8 13. Bc3 e5 14. Qd2 b6 15. e3 Ne7
16. b4 axb4 17. axb4 Nf5 18. Rb3 Nc7 19. Na7 Ne6 20. Rfb1 Qc7 21. Ra3 cxb4 22.
Rxb4 Nc5 23. Nb5 Bxb5 24. Rxb5 Rfe8 25. Ne1 Ne7 26. Nc2 Nc6 27. Nb4 Nxb4 28.
Bxb4 Kh7 29. Bd5 f5 30. Qa2 Re7 31. Bxc5 dxc5 32. e4 h5 33. Ra6 f4 34. Kg2 fxg3
35. fxg3 Bh6 36. Qb2 Be3 37. Raxb6 Rxb6 38. Rxb6 Bd4 39. Qb5 Qa7 40. Ra6 Qc7
41. Ra8 Qd6 42. Ra6 Qc7 43. h4 Kg7 44. Ra8 Qd6 45. Ra6 Qc7 46. Rc6 Qa7 47. Ra6
Qc7 48. Ra8 Qd6 49. Rg8+ Kh7 50. Qa5 Qf6 51. Qd2 1/2-1/2

[Event "Ogolnopolski Turniej Niepelnosprawnych"]
[Site "Rowy"]
[Date "2011.??.??"]
[Round "5.7"]
[White "Koper, Ireneusz"]
[Black "Czech, Jan"]
[Result "1/2-1/2"]
[WhiteElo "2030"]
[BlackElo "1851"]
[PlyCount "26"]
[EventDate "2011.??.??"]

1. e4 c5 2. Nc3 Nc6 3. g3 Nf6 4. Bg2 e6 5. Nge2 Be7 6. O-O O-O 7. d3 d5 8. exd5
Nxd5 9. Nxd5 exd5 10. d4 c4 11. c3 Bf6 12. Nf4 Ne7 13. Nh5 Qb6 1/2-1/2

[Event "Ogolnopolski Turniej Niepelnosprawnych"]
[Site "Rowy"]
[Date "2011.??.??"]
[Round "5.9"]
[White "Nadolinski, Roman"]
[Black "Szydlowski, Wiktor"]
[Result "1/2-1/2"]
[WhiteElo "1992"]
[BlackElo "1814"]
[PlyCount "43"]
[EventDate "2011.??.??"]

1. Nf3 d5 2. d4 Nf6 3. Bf4 Bf5 4. e3 e6 5. Bd3 Bxd3 6. Qxd3 c6 7. Nbd2 Nbd7 8.
O-O Nb6 9. b3 h6 10. c4 Be7 11. h3 O-O 12. c5 Nbd7 13. b4 Nh7 14. a4 Ng5 15.
Nxg5 hxg5 16. Bh2 Bf6 17. Ra2 e5 18. dxe5 Bxe5 19. Bxe5 Nxe5 20. Qf5 Qf6 21.
Qxf6 gxf6 22. Rb1 1/2-1/2

[Event "Ogolnopolski Turniej Niepelnosprawnych"]
[Site "Rowy"]
[Date "2011.??.??"]
[Round "5.10"]
[White "Dulinski, Stanislaw"]
[Black "Borowski, Jaroslaw"]
[Result "1-0"]
[WhiteElo "1831"]
[BlackElo "1982"]
[PlyCount "95"]
[EventDate "2011.??.??"]

1. e4 e5 2. f4 Bc5 3. Nf3 d6 4. Bc4 Nf6 5. Nc3 Nc6 6. a3 a6 7. d3 Bg4 8. Ne2
Qe7 9. c3 Bb6 10. Ng3 O-O-O 11. h3 Be6 12. Qe2 Rhe8 13. f5 d5 14. Bxa6 bxa6 15.
fxe6 g6 16. exf7 Qxf7 17. Bg5 Rd6 18. O-O-O Kb7 19. Kb1 Qg7 20. Bxf6 Qxf6 21.
exd5 Rxd5 22. c4 Rdd8 23. Rhf1 Qe7 24. Ne4 Nd4 25. Nxd4 Bxd4 26. Qc2 Rf8 27.
Qa4 Ka7 28. Rxf8 Rxf8 29. Qc6 Rb8 30. b4 Rxb4+ 31. Kc1 Rb6 32. Qa4 Bb2+ 33. Kd2
Bxa3 34. Ke3 Bb2 35. Kf3 Bd4 36. Kg3 Qf7 37. Kh2 Qe7 38. Rf1 Be3 39. Qc2 Bd4
40. c5 Rb5 41. Qc4 Bxc5 42. Rf7 Qxf7 43. Qxf7 Bd4 44. Qxh7 a5 45. Qxc7+ Ka6 46.
Nd6 Rb6 47. Qc4+ Ka7 48. Nc8+ 1-0